South America: fun and strange facts - Statistics

General Stats
  • This quiz has been taken 192 times
  • The average score is 6 of 12
Answer Stats
Hint Answer % Correct
Female convicts at a large prison in Bogota participate in an annual fashion show. Colombia
93%
President Maduro claimed that the late Hugo Chavez communicated with him in the form of a live bird. Venezuela
76%
This country is home to the world's only marine lizards. Ecuador
65%
The biggest-ever earthquake was in this country, which is home to a cat species called the kodkod. Chile
59%
The police force of this nation was the first ever to use fingerprinting; the world's highest volcano is also here, on the Chilean border. Argentina
55%
The world's longest hot dog (203m) was made in this landlocked nation. Paraguay
55%
A former French, Dutch, then British colony, this is the world's fastest-growing economy. Guyana
52%
It is thought that Portuguese took its word for "turkey" from this Andean country's name. Peru
47%
A cruiser from this large nation fired on dolphins in WW1, mistaking them for a German submarine. Brazil
41%
This was the first country to get rid of McDonald's. It makes the mind-altering product coca beer instead. Bolivia
36%
At 93%, this is the world's most afforested country by percentage of land use. Suriname
31%
This country's capital banned salt from restaurants. Its 2010-15 president lived in a small, ramshackle house. Uruguay
29%
No matching quizzes found
Score Distribution
Percent of People with Each Score
Percentile by Number Answered
Your Score History
You have not taken this quiz